Регионална библиотека "Любен Каравелов" - Русе

Малката русалка Ариел (Запис номер 17877)

MARC детайли
000 -Лидер
Контролно поле с фиксирана дължина 01510nam a2200373 c 4500
003 - Код на организацията, давaща контролен номер
Контролно поле BLK
005 - Дата и час на последна редакция
Контролно поле 20240709110923.0
008 - Елементи от данни с фиксирана дължина
fixed length control field 180413b bul|||||r ||||||| ||bul||
010 ## - Наследен системен номер
LC control number KNG00019888000
020 ## - Международен стандартен номер на книга ISBN
Международен стандартен номер на книга ISBN 954-446-551-0
-- издат.: Егмонт България - (подв.)
040 ## - Източник на каталожния запис
Идентификатор на билиотеката - собственик на записа BLK
041 ## - Код за език
Код за езика на текст/звукозапис или на отделно заглавие Български
Код за езика КДБФ Български
080 ## - УДК
Текстов определител УДК Американска литература (на САЩ)
УДК код - определител по УДК 821.111(73)
УДК определител -93-91
УДК - код + определител 821.111(73)-93-91
139 ## - Редно поле
Редна дума Малката русалка Ариел
Авторски знак Малк - М 23
245 10 - Сведения за заглавието
Заглавие Малката русалка Ариел
Подзаглавни данни Приказка
Редно поле (дума) прев. Лили Илиева.
250 ## - Област на изданието
Сведения за изданието 2. изд.
257 ## - Страна на издаване
Страна на създаване/издаване Съединени американски щати
260 ## - Област на издателските данни
-- София
Име на издателя, разпространителя и проч. Егмонт България
Година на издаване 2001
Печатница Пловдив : Полиграфия
300 ## - Физическа характеристика
Страници 80 с.
Илюстрации и др. с цв. ил.
Размери/Мащаб 23 см
380 ## - Жанр
Жанр Детска худож. лит.
490 1# - СЕРИИ (Колекции)
Име на серия Disney Чародейства
500 ## - Общи забележки
Забележка Без сведение за ориг. загл. - 1. изд. 1998. - Изд. на Disney. - Офс. изд.
653 ## - Ключова дума – ненормативна
Ключова дума приказки
653 ## - Ключова дума – ненормативна
Ключова дума адаптирани книги
653 ## - Ключова дума – ненормативна
Ключова дума литература за деца
653 ## - Ключова дума – ненормативна
Ключова дума детска литература
700 ## - Други автори (авторска отговорност)
Лично име Илиева, Лили Христова
Дати, свързани с автора 1956 -
Пълна форма на името Илиева, Лилия Христова
9 (RLIN) 241658
852 ## - Местоположение
Форматна сигнатура Цб 210353
856 4# - Електронен адрес и достъп
Електронен формат pdf - файл
Път до файла /url/
856 4# - Електронен адрес и достъп
Електронен формат pdf - файл
Път до файла /url/
942 ## - АРТИКУЛИ
Вид на библиотечния материал Книги
Скрит в OPAC Не
Koha issues (borrowed), all copies 11
944 ## - СЪЗДАВАНЕ И РЕДАКЦИЯ на ЗАПИСА
Създаване/Редакция Създаване
Дата на регистрацията/редакция 15.01.2003
Статус, дата на статуса Геновева Генчева
Служител, извършил регистрацията/редакцията 30560
944 ## - СЪЗДАВАНЕ И РЕДАКЦИЯ на ЗАПИСА
Създаване/Редакция Редакция
Дата на регистрацията/редакция 07.02.2011
Статус, дата на статуса ф /
Служител, извършил регистрацията/редакцията
999 ## - СИСТЕМНИ КОНТРОЛНИ НОМЕРА
Koha biblionumber 17877
Koha biblioitemnumber 17877
Наличности
Код за отписване Код за изгубен артикул Източник на класификационната схема Код за повреда Коз за рестрикции Код за отдаване Артикулен № Име на библиотеката - собственик Име на библиотеката, в която се намира в момента Статус (Текущо местоположение) Дата на вписване в системата Местоположение - отдел Цена в лева Инвентарен номер Систематично азбучна сигнатура Баркод Номер на екземпляра Цена в евро Служебна бележка Служебен тип на артикула
  Не е изгубен Universal Decimal Classification Не е повреден без рестрикции ползва се в читалня 30086 Регионална библиотека "Любен Каравелов" Русе Регионална библиотека "Любен Каравелов" Русе Хранилище 2002-01-24 Хранилище 6.99 668117 Цб 210353 120000668117 1 3.57 Дост: Dp Вид: Д N: 41 Дата: 03.11.2001 Книги
  Не е изгубен Universal Decimal Classification Не е повреден без рестрикции заемане за дома 30087 Регионална библиотека "Любен Каравелов" Русе Регионална библиотека "Любен Каравелов" Русе Детски отдел 2011-01-28 Детски отдел 6.99 120000748857 ДХ 820/899/М 23 120000748857 2 3.57 Дост: DA Вид: А N: 1 Дата: 28.01.2011 Дата инв: 14.08.2015 Бележки инв: Д2015 Книги
Vip Innovations Ltd, Rousse, Bulgaria 2025